000 00646nam a2200229 i 4500
001 42589
003 ES-MaACL
005 20230906160636.0
007 t|
008 030407s2002 sp |||| | spa j
020 _a84-8190-241-1
080 _a821.134.2-14"19"
100 1 _aDíez Serrano, Isabel.
_944650
245 1 0 _aTestigos del amor y la locura /
_cIsabel Díez Serrano.
250 _a1ª ed.
260 _aVigo :
_bCardeñoso,
_c2002.
300 _a82 p. ;
_c21 cm.
490 1 _aPoesía ;
_v20
830 0 _aPoesía ;
_v20
_9177794
852 _aES-MaACL
_jL-26209
_z. - Dedicatoria autógrafa de la autora
999 _c42589
_d42589